<?xml version="1.0" encoding="UTF-8"?>
<record
    xmlns:xsi="http://www.w3.org/2001/XMLSchema-instance"
    xsi:schemaLocation="http://www.loc.gov/MARC21/slim http://www.loc.gov/standards/marcxml/schema/MARC21slim.xsd"
    xmlns="http://www.loc.gov/MARC21/slim">

  <leader>02008nam0a2200337   4500</leader>
  <controlfield tag="001">RU\NLR\BIBL_A\011952033</controlfield>
  <controlfield tag="005">20190513094926.0</controlfield>
  <datafield tag="010" ind1=" " ind2=" ">
    <subfield code="a">978-5-904704-69-8</subfield>
    <subfield code="9">100</subfield>
  </datafield>
  <datafield tag="021" ind1=" " ind2=" ">
    <subfield code="a">RU</subfield>
    <subfield code="b">&#x41A;&#x41D;-&#x41F;-19-006226</subfield>
    <subfield code="9">&#x41A;&#x41D;-&#x41F;-19-0461</subfield>
  </datafield>
  <datafield tag="035" ind1=" " ind2=" ">
    <subfield code="a">(NLR Aleph) 011952033</subfield>
  </datafield>
  <datafield tag="035" ind1=" " ind2=" ">
    <subfield code="a">(RuMoRGB)009886183</subfield>
  </datafield>
  <datafield tag="090" ind1=" " ind2=" ">
    <subfield code="a">11154229</subfield>
    <subfield code="c">11154229</subfield>
  </datafield>
  <datafield tag="100" ind1=" " ind2=" ">
    <subfield code="a">20190305d2018    k  y0rusy50      ca</subfield>
  </datafield>
  <datafield tag="101" ind1="0" ind2=" ">
    <subfield code="a">eng</subfield>
  </datafield>
  <datafield tag="102" ind1=" " ind2=" ">
    <subfield code="a">RU</subfield>
  </datafield>
  <datafield tag="105" ind1=" " ind2=" ">
    <subfield code="a">ab  z   100zy</subfield>
  </datafield>
  <datafield tag="200" ind1="1" ind2=" ">
    <subfield code="a">Lateglacial-interglacial transition: glaciotectonic, seismoactivity, catastrophic hydrographic and landscape changes</subfield>
    <subfield code="e">INQUA Peribaltic working group meeting and excursion 2018, 19-25 August 2018</subfield>
    <subfield code="e">International scientific conference and school for young scientists</subfield>
    <subfield code="e">excursion guide and abstracts</subfield>
    <subfield code="f">edited by Subetto D. A. [et al.]</subfield>
  </datafield>
  <datafield tag="210" ind1=" " ind2=" ">
    <subfield code="a">Petrozavodsk</subfield>
    <subfield code="c">Karelian research centre of Russian academy of science</subfield>
    <subfield code="d">2018</subfield>
  </datafield>
  <datafield tag="215" ind1=" " ind2=" ">
    <subfield code="a">133 &#x441;.</subfield>
    <subfield code="c">&#x438;&#x43B;., &#x446;&#x432;. &#x438;&#x43B;., &#x43A;&#x430;&#x440;&#x442;.</subfield>
    <subfield code="d">30</subfield>
  </datafield>
  <datafield tag="320" ind1=" " ind2=" ">
    <subfield code="a">&#x411;&#x438;&#x431;&#x43B;&#x438;&#x43E;&#x433;&#x440;. &#x432; &#x43A;&#x43E;&#x43D;&#x446;&#x435; &#x441;&#x442;.</subfield>
  </datafield>
  <datafield tag="541" ind1="1" ind2=" ">
    <subfield code="a">&#x41F;&#x43E;&#x437;&#x434;&#x43D;&#x435;&#x43B;&#x435;&#x434;&#x43D;&#x438;&#x43A;&#x43E;&#x432;&#x44B;&#x439; - &#x43C;&#x435;&#x436;&#x43B;&#x435;&#x434;&#x43D;&#x438;&#x43A;&#x43E;&#x432;&#x44B;&#x439; &#x43F;&#x435;&#x440;&#x435;&#x445;&#x43E;&#x434;: &#x433;&#x43B;&#x44F;&#x446;&#x438;&#x43E;&#x442;&#x435;&#x43A;&#x442;&#x43E;&#x43D;&#x438;&#x43A;&#x430;, &#x441;&#x435;&#x439;&#x441;&#x43C;&#x43E;&#x430;&#x43A;&#x442;&#x438;&#x432;&#x43D;&#x43E;&#x441;&#x442;&#x44C;, &#x43A;&#x430;&#x442;&#x430;&#x441;&#x442;&#x440;&#x43E;&#x444;&#x438;&#x447;&#x435;&#x441;&#x43A;&#x438;&#x435; &#x433;&#x438;&#x434;&#x440;&#x43E;&#x433;&#x440;&#x430;&#x444;&#x438;&#x447;&#x435;&#x441;&#x43A;&#x438;&#x435; &#x438; &#x43B;&#x430;&#x43D;&#x434;&#x448;&#x430;&#x444;&#x442;&#x43D;&#x44B;&#x435; &#x438;&#x437;&#x43C;&#x435;&#x43D;&#x435;&#x43D;&#x438;&#x44F;</subfield>
  </datafield>
  <datafield tag="606" ind1="1" ind2=" ">
    <subfield code="a">&#x427;&#x435;&#x442;&#x432;&#x435;&#x440;&#x442;&#x438;&#x447;&#x43D;&#x44B;&#x439; &#x43F;&#x435;&#x440;&#x438;&#x43E;&#x434;</subfield>
    <subfield code="j">&#x421;&#x44A;&#x435;&#x437;&#x434;&#x44B;, &#x441;&#x43E;&#x432;&#x435;&#x449;&#x430;&#x43D;&#x438;&#x44F; &#x438; &#x442;.&#x43F;</subfield>
    <subfield code="2">nlr_sh1</subfield>
    <subfield code="2">nlr_sh2</subfield>
    <subfield code="3">RU\NLR\AUTH\6656348</subfield>
  </datafield>
  <datafield tag="686" ind1="1" ind2=" ">
    <subfield code="a">&#x414;432.72&#x44F;431(0)</subfield>
  </datafield>
  <datafield tag="702" ind1=" " ind2="1">
    <subfield code="a">Subetto</subfield>
    <subfield code="b">D. A.</subfield>
    <subfield code="g">Dmitrij Aleksandrovi&#x10D;</subfield>
    <subfield code="3">RU\NLR\AUTH\7787271</subfield>
    <subfield code="4">340</subfield>
  </datafield>
  <datafield tag="711" ind1="0" ind2="2">
    <subfield code="a">International association for the study of the quaternary period in Europe</subfield>
    <subfield code="b">Peribaltic working group</subfield>
    <subfield code="b">Meeting</subfield>
    <subfield code="f">2018</subfield>
    <subfield code="e">Petrozavodsk</subfield>
    <subfield code="3">RU\NLR\AUTH\880499933</subfield>
  </datafield>
  <datafield tag="711" ind1="0" ind2="2">
    <subfield code="a">International association for the study of the quaternary period in Europe</subfield>
    <subfield code="b">Peribaltic working group</subfield>
    <subfield code="b">Excursion</subfield>
    <subfield code="f">2018</subfield>
    <subfield code="3">RU\NLR\AUTH\880499938</subfield>
  </datafield>
  <datafield tag="942" ind1=" " ind2=" ">
    <subfield code="c">BOOK</subfield>
  </datafield>
  <datafield tag="980" ind1=" " ind2=" ">
    <subfield code="a">NB</subfield>
  </datafield>
  <datafield tag="995" ind1=" " ind2=" ">
    <subfield code="5">2019-03-05</subfield>
    <subfield code="a">ad</subfield>
    <subfield code="b">NLR01</subfield>
    <subfield code="c">NLR01</subfield>
    <subfield code="e">IF</subfield>
    <subfield code="f">1-2634589</subfield>
    <subfield code="k">&#x418;&#x43A; 2019-8/71</subfield>
    <subfield code="o">0</subfield>
    <subfield code="r">BOOK</subfield>
    <subfield code="s">_2019871</subfield>
  </datafield>
</record>
